Phố trắng mưa ban sáng : Tập truyện ngắn

में बचाया:
ग्रंथसूची विवरण
स्वरूप: पुस्तक
भाषा:Undetermined
प्रकाशित: Tp.Hồ Chí Minh Trẻ 2005
विषय:
टैग : टैग जोड़ें
कोई टैग नहीं, इस रिकॉर्ड को टैग करने वाले पहले व्यक्ति बनें!
Thư viện lưu trữ: Trung tâm Học liệu Trường Đại học Cần Thơ
LEADER 00506nam a2200181Ia 4500
001 CTU_97292
008 210402s9999 xx 000 0 und d
020 |c 15500 
082 |a 895.922301 
082 |b Ph500 
245 0 |a Phố trắng mưa ban sáng : 
245 0 |b Tập truyện ngắn 
260 |a Tp.Hồ Chí Minh 
260 |b Trẻ 
260 |c 2005 
650 |a Short stories, vietnamese 
904 |i Minh(Tuyến) 
980 |a Trung tâm Học liệu Trường Đại học Cần Thơ